000 01758nam a22003614i 4500
999 _c64513
_d64513
001 1142326
003 CO-MdFUSB
005 20180908084321.0
008 950509s1995 miu b 000 0beng
010 _a 95009395
020 _a0310385709 (hardcover : alk. paper)
040 _aDLC
_dDLC
_bspa
_cCO-MdFUSB
_erda
041 _aeng
082 0 0 _a232
_223
_bY21
100 1 _aYancey, Philip.
_eautor
245 4 _aThe Jesus I never knew
_c/ Philip Yancey
264 1 _aGrand Rapids, Mich. :
_bZondervan Publishing House,
_c℗[1995]
264 4 _c©1995
300 _a288 páginas ;
_c24 cm.
336 _2rdacontent
_atexto
_btxt
337 _2rdamedia
_asin mediación
_bn
338 _2rdacarrier
_avolumen
_bnc
505 _gParte Uno.
_tQuién era Jesús:
_a1.El Jesús que pensé que conocía -- 2. Nacimiento: el planeta visitado -- 3. Trasfondo: Semilla y raíces judías -- 4. Tentación: confrontación en el desierto -- 5. Perfil: ¿Qué hubiera notado?
505 _gParte dos.
_tQuién era Jesús:
_a6. Bienaventuranzas: afortunados son los desafortunados -- 7. Mensaje: un sermón de ofensas -- 8. Misión: una revolución de la gracia -- 9. Milagros: inmediato de los sobrenatural -- 10. Muerte: la semana final -- 11. Resurrección: un mañana más allá de creer
505 _gParte tres.
_tLo que Jesús dejo atrás:
_a12. Ascensión: un cielo azul en blanco -- 13. Reino: trigo entre la cizaña -- 14. Las diferencias que el hizo
563 _aTapa dura
650 7 _9239
_aCristología
906 _a7
_bcbc
_corignew
_d1
_eocip
_f19
_gy-gencatlg
942 _cBK